Science Quiz

Random Science or Elements Quiz
Score 0/24 Timer 02:00
0 Plays Today
Letter First occurrence of that letter % Correct
DHydrogen
93.6%
EHydrogen
93.6%
GHydrogen
93.6%
HHydrogen
93.6%
NHydrogen
93.6%
OHydrogen
93.6%
RHydrogen
93.6%
YHydrogen
93.6%
IHelium
89.7%
LHelium
89.7%
MHelium
89.7%
UHelium
89.7%
Letter First occurrence of that letter % Correct
ACarbon
88.8%
CCarbon
88.8%
XOxygen
78.9%
TLithium
68.7%
BBeryllium
67.2%
FFluorine
63.6%
ZZinc
56.1%
SSodium
48.5%
PPhosphorus
46.3%
VVanadium
42.6%
KNickel
18.6%
WLawrencium
10.7%

You're not logged in!

Compare scores with friends on all Sporcle quizzes.
OR
Log In

Sporcle TV

Today on Sporcle TV


Watch our educational content, quiz creation guides, and fun videos on Sporcle TV.

Show Comments

Extras

Top Quizzes Today


Score Distribution

Paid Content

Your Account Isn't Verified!

In order to create a playlist on Sporcle, you need to verify the email address you used during registration. Go to your Sporcle Settings to finish the process.

Report this User

Report this user for behavior that violates our Community Guidelines.

Details: